A feltámadás szomorúsága
Elmentve itt :
| Szerző: | |
|---|---|
| Adatforrás: | Meister |
| Forrásdokumentuma: | Helikon. - 3 sz., 1990, 1; 3 p. |
| Nyelv: | magyar |
| Kulcsszavak: | politikai publicisztika szabadság igazság |
| LEADER | 00375nab a2200145 i 4500 | ||
|---|---|---|---|
| 001 | bibPRO00008659 | ||
| 008 | 060524s1990 xx hun | ||
| 040 | |a Sz1 | ||
| 041 | |a hun | ||
| 100 | 1 | |a SASZET Géza | |
| 245 | 1 | 2 | |a A feltámadás szomorúsága |c SASZET Géza |
| 695 | |a politikai publicisztika | ||
| 695 | |a szabadság | ||
| 695 | |a igazság | ||
| 773 | 0 | |t Helikon. - |g 3 sz., 1990, 1; 3 p. | |